Science Quiz

Random Science or Clickable Quiz

Dog Crossbreeds Quiz Stats

 Plays Quiz Updated Feb 4, 2018

Challenge
Share
Tweet
Score 0/12 Timer 05:00
5 Plays Today
% Correct
Horgi (Corgsky)
94.6%
Bullmatian
93.9%
St. Bernewfie
91.6%
Chi Chi
90%
Chug
84.4%
Labradoodle
83.2%
Chihuepherd
78.8%
Jackshund
73.8%
Cockapoo
70.9%
Schnoodle
68.4%
Newfypoo
64.2%
Jack-A-Poo
58.1%

You're not logged in!

Compare scores with friends on all Sporcle quizzes.
Join for Free
OR
Log In

You Might Also Like...

Show Comments

Extras

Top Quizzes Today


Score Distribution

Your Account Isn't Verified!

In order to create a playlist on Sporcle, you need to verify the email address you used during registration. Go to your Sporcle Settings to finish the process.

Report this User

Report this user for behavior that violates our Community Guidelines.

Details: